Statistics for Countries 2 Borders Away: Slovenia

Click here to take the quiz!

General Stats

  • This quiz has been taken 17 times
    (9 since last reset)
  • The average score is 11 of 12

Answer Stats

Country% Correct
San Marino
100%
Vatican City
100%
Czechia
88%
France
88%
Germany
88%
Liechtenstein
88%
Montenegro
88%
Serbia
88%
Slovakia
88%
Ukraine
88%
Romania
75%
Switzerland
75%

Score Distribution

Percentile by Number Answered

Percent of People with Each Score

Your Score History

You have not taken this quiz since the last reset